• 首页
  • 本馆介绍
  • 公告通知
  • 最新文献
  • 馆藏检索
  • 电子资源
  • 读者导购
  • 参考咨询
  • 我的图书馆
  • 登录
  • 详细信息显示
  • 放入我的书架
  • 预约/预借图书
  • 作者相关作品
  • 分类相关作品
  • 丛书相关作品
  • 出版社相关作品

书目信息

  • 表格格式
  • 工作单格式
  • 卡片格式
题名:
无线电设备结构设计与工艺
    
 
作者: 龚维蒸 编
分册:  
出版信息: 天津   天津科学技术出版社  1983
页数: 299页
开本: 25cm
丛书名:
单 册:
中图分类: TN803 , TN8
科图分类:
主题词: 电信设备--结构
电子资源:
ISBN:
000 00684nam0 2200253 45
001 0183000814
005 20040514085336.9
010    @dCNY1.58
091    @a15212.81
100    @a19950309d1983 em y0chiy0121 ea
101 0  @achi
102    @aCN@b120000
105    @ay z 000yy
106    @ar
200 10 @a无线电设备结构设计与工艺@Awu xian dian she bei jie gou she ji yu gong yi@f龚维蒸编
210    @a天津@c天津科学技术出版社@d1983
215    @a299页@d25cm
606    @a电信设备@x结构
690    @aTN803@v3 
690    @aTN8
701  0 @a龚维蒸@Agong wei zheng@4编
801  0 @aCN@b上海图书馆@c20040514
801  2 @aCN@bNLC@c20040514
905    @f2@b162352-353@dTN8@e22
    
    无线电设备结构设计与工艺/龚维蒸编.-天津:天津科学技术出版社,1983
    299页;25cm
    
    
    ISBN :CNY1.58
    
●
相关链接 在E读中查询图书 在五车中查询图书 在当当中查询图书 在豆瓣中查询图书


正题名:无线电设备结构设计与工艺     索取号:TN8/22         预约/预借

序号 登录号 条形码 馆藏地/架位号 状态 备注
1 0162352   001321313   第三借阅区/ [索取号:TN8/22] 在馆    
2 0162353   001321322   密集书库/ [索取号:TN8/22] 在馆    
3 0162354   202121890   第二样本阅览室/ [索取号:TN8/22] 在馆    
唐山师范学院图书馆 欢迎您!
大连网信软件有限公司© 版权所有